Statistics for First Generation Normal-Type Pokemon

Click here to take the quiz!

General Stats

  • This quiz has been taken 6 times
  • The average score is 21 of 24

Answer Stats

Pokemon% Correct
Pidgey
100%
Clefairy
100%
Pidgeotto
100%
Wigglytuff
100%
Jigglypuff
100%
Clefable
100%
Snorlax
100%
Fearow
100%
Raticate
100%
Rattata
100%
Pidgeot
100%
Spearow
100%
Kangaskhan
80%
Porygon
80%
Eevee
80%
Ditto
80%
Tauros
80%
Dodrio
80%
Chansey
80%
Lickitung
80%
Doduo
80%
Meowth
80%
Persian
80%
Farfetch'd
60%

Score Distribution

Percentile by Number Answered

Percent of People with Each Score

Your Score History

You have not taken this quiz